000 00882nam a2200229Ia 4500
001 3070
003 GE_BSU
008 181216s||||||||xx |||||||||||||| ||und||
040 _cGE_BSU
080 _a531.8(076.5)
100 _aЯблонский,А.А. Норейко,С.С. Вольфсон,С.А. и др.
245 _aСборник заданий для курсовых работ по теоретической механике.
245 _bУчеб. пособие для техн.вузов.
245 _cПод ред. А.А.Яблонского.
250 _aИзд 4-ое, перераб. и доп.
260 _aМ.
260 _bВысш. шк.
260 _c1985.
300 _a367 стр. с илл. 21 см.
653 _aСборник заданий для курсовых работ по теоретической механике.
942 _cBK
999 _c37114
_d37114